[Event "Oberbayerische Jugend-EM 2014/15  U12"]
[Site "Riedenburg"]
[Date "2015.02.18"]
[Round "1"]
[White "Longo, Massimo"]
[Black "Schmidt, Robert"]
[Result "1-0"]
[BlackElo "1127"]
[WhiteElo "1617"]

1.d4 d5 2.c4 dxc4 3.e3 Nf6 4.Bxc4 a6 5.Nc3 Nc6 6.Nge2 e5 7.d5 Na7 8.Qb3 Bd6 9.O-O
O-O 10.e4 h6 11.Be3 Bg4 12.f3 Bh5 13.Qxb7 Qb8 14.Qxb8 Rfxb8 15.b3 Nc8 16.Rac1 Nb6
17.Bd3 Nfd7 18.Nb1 Rc8 19.Rc2 Ra7 20.Nd2 a5 21.Nc4 Rd8 22.Nxd6 cxd6 23.Rc6 Nc5 24.Bxc5
dxc5 25.Rxb6 a4 26.b4 cxb4 27.Rxb4 f6 28.Rfb1 Kh7 29.Rb7 Rxb7 30.Rxb7 Ra8 31.d6 Kg8
32.Rc7 Rd8 33.d7 Kh7 34.Bb5 Rb8 35.Rc8 Rxb5 36.d8=Q Rb1+ 37.Kf2 Rb7 38.Rc7 Rxc7 39.Qxc7
Be8 40.Ng3 Bg6 41.h4 Kg8 42.h5 Bh7 43.Qe7 g6 44.Qxf6 g5 45.Qxh6 a3 46.Qxg5+ Kh8 47.h6
Bg6 48.Qf6+ Kh7 49.Qg7#   1-0

[Event "Oberbayerische Jugend-EM 2014/15  U12"]
[Site "Riedenburg"]
[Date "2015.02.18"]
[Round "1"]
[White "Mehnert, Sebastian"]
[Black "Mooser, Nicolas"]
[Result "1-0"]
[BlackElo "1581"]
[WhiteElo "1081"]

1.d4 d5 2.c4 e6 3.Nf3 Nf6 4.Bg5 Be7 5.Nc3 O-O 6.e3 c6 7.c5 b6 8.b4 a5 9.a3 Nbd7 10.Bd3
Bb7 11.O-O axb4 12.axb4 b5 13.Rxa8 Qxa8 14.Ne5 Re8 15.Nxd7 Nxd7 16.Bxe7 Rxe7 17.Qc2
Nf6 18.f3 Qa3 19.Rb1 Re8 20.Qb2 Qxb2 21.Rxb2 Ra8 22.Ra2 Rxa2 23.Nxa2 Nd7 24.e4 dxe4
25.fxe4 e5 26.dxe5 Nxe5 27.Be2 Bc8 28.h3 Be6 29.Nc1 Bc4 30.Bxc4 Nxc4 31.Kf2 f6 32.Kf3
Kf7 33.Nd3 Ke6 34.h4 Ne5+ 35.Nxe5 Kxe5 36.Ke3 h5 37.g3 g5 38.Kd3 gxh4 39.gxh4 Kf4
40.Kd4 Kf3 41.e5 fxe5+ 42.Kxe5 Kg4 43.Kd6 Kxh4 44.Kxc6 Kg5 45.Kxb5 h4 46.c6 h3 47.c7
h2 48.c8=Q h1=Q 49.Qg8+ Kf5 50.Qf8+ Kg5 51.Qe7+ Kf5 52.Qc5+ Kf4 53.Qd4+ Kf5 54.Kc5
Qc1+ 55.Kb6 Qh6+ 56.Ka5 Qe6 57.Qc5+ Kf4 58.b5 Qa2+ 59.Kb6 Qe6+ 60.Kc7 Qf7+ 61.Kb6
Qe6+ 62.Qc6 Qe3+ 63.Kb7 Kf5 64.b6 Qe7+ 65.Qc7 Qe4+ 66.Kb8 Kg6 67.Qg3+ Kf6 68.Qd6+
Kg5 69.b7 Qe8+ 70.Kc7 Qf7+ 71.Kc6 Qe8+ 72.Kb6 Qa4 73.b8=Q Qb3+ 74.Kc7 Qf7+ 75.Qd7
Qc4+ 76.Kd8 Qg8+ 77.Qe8 Qd5+ 78.Ke7 Qe4+ 79.Kf8 Qf3+ 80.Qf7 Qa3+ 81.Qe7+ Kg6 82.Qxa3
Kh6 83.Qag3 Kh5 84.Qc8 Kh6 85.Qch3#   1-0

[Event "Oberbayerische Jugend-EM 2014/15  U12"]
[Site "Riedenburg"]
[Date "2015.02.18"]
[Round "1"]
[White "Huber, Marinus"]
[Black "Schwarzer, Tassilo"]
[Result "1/2-1/2"]
[BlackElo "1060"]
[WhiteElo "1344"]

1.e4 e5 2.Nf3 Nc6 3.Nc3 Bc5 4.Nxe5 Bxf2+ 5.Kxf2 Nxe5 6.d4 Nc6 7.Be3 d6 8.Bb5 Bd7 9.Rf1
Qh4+ 10.Kg1 Nf6 11.Rf4 Qh5 12.Be2 Qa5 13.Bd2 Qb6 14.Be3 O-O-O 15.Na4 Qb4 16.c3 Qa5
17.d5 Ne7 18.Qd3 Bxa4 19.b4 Qa6 20.Qd2 Bb5 21.c4 Bxc4 22.Bxc4 Qxc4 23.e5 Qxd5 24.exf6
Qxd2 25.Bxd2 gxf6 26.Rxf6 Rdf8 27.Bh6 Nd5 28.Rf5 Ne7 29.Rf3 Re8 30.Rxf7 Nd5 31.a3
Re7 32.Rxe7 Nxe7 33.Re1 Kd7 34.Kf2 Re8 35.Bg5 Ng6 36.Rxe8 Kxe8 37.Ke3 Kf7 38.Bd8
c6 39.a4 Ke6   1/2-1/2

[Event "Oberbayerische Jugend-EM 2014/15  U12"]
[Site "Riedenburg"]
[Date "2015.02.18"]
[Round "1"]
[White "Beckert, Alessandro"]
[Black "Gan, Maxwell"]
[Result "1-0"]
[BlackElo "1257"]
[WhiteElo "949"]

1.e4 e5 2.Nf3 Nc6 3.Bc4 Bc5 4.d3 Nf6 5.Be3 Bb6 6.Nbd2 d5 7.Bb3 h6 8.exd5 Nxd5 9.O-O
Bxe3 10.Bxd5 Bxf2+ 11.Rxf2 Qxd5 12.Rf1 Bg4 13.Qe1 O-O-O 14.Qg3 f5 15.Nh4 Qe6 16.h3
g5 17.hxg4 gxh4 18.gxf5 hxg3 19.fxe6 Rde8 20.Ne4 Rxe6 21.Nxg3 Rg6 22.Nf5 Rhg8 23.Rf2
Kd7 24.Nh4 Rg4 25.Nf5 R8g6 26.Ne3 Rf4 27.Re1 Nd4 28.Ref1 Rg3 29.Nc4 Ke6 30.Kh2 Rxf2
31.Rxf2 Rg6 32.c3 b5 33.Na3 Nf5 34.Nxb5 c5 35.Nxa7 Rg5 36.a4 Rh5+ 37.Kg1 Ng3 38.Rf3
Ne2+ 39.Kf2 Nc1 40.a5 Rg5 41.Rh3 Rf5+ 42.Ke3 h5 43.Nb5 Kd7 44.a6 Kc6 45.a7 Kb7 46.Rh4 $2
(46.Nd6+ Kxa7 47.Nxf5) 46...Rf4 47.Rxh5 Ra4 48.g4 Rxg4 49.Rh7+ Kb6 50.a8=Q Kxb5 51.Rb7+
Kc6 52.Qa6+ Kd5 53.Rd7#   1-0

[Event "Oberbayerische Jugend-EM 2014/15  U12"]
[Site "Riedenburg"]
[Date "2015.02.18"]
[Round "1"]
[White "Seidenberger, Florian"]
[Black "Weber, Lukas"]
[Result "1-0"]
[BlackElo "907"]
[WhiteElo "1157"]

1.d4 d5 2.Bg5 f6 3.Bf4 Nc6 4.e3 e5 5.Bg3 Bf5 6.Nf3 g5 7.dxe5 fxe5 8.Nxe5 Nxe5 9.Bxe5
Nf6 10.Nc3 Bb4 11.Bd3 Bxd3 12.Qxd3 Qe7 13.Bxf6 Qxf6 14.Qb5+ c6 15.Qxb4 O-O-O 16.Na4
b6 17.O-O c5 18.Qg4+ Rd7 19.Rad1 Qe5 20.f4 Qxe3+ 21.Kh1 d4 22.fxg5 Rg8 23.Rf7 Rgd8
24.c3 Kb8 25.Rxd7 Rxd7 26.Qxd7 Qxg5 27.Re1 Qg6 28.Re8+ Qxe8 29.Qxe8+ Kb7 30.Qb5 dxc3
31.Nxc5+ Kc7 32.Qd7+ Kb8 33.Qb7#   1-0

[Event "Oberbayerische Jugend-EM 2014/15  U12"]
[Site "Riedenburg"]
[Date "2015.02.18"]
[Round "1"]
[White "Kugler, Janek"]
[Black "Dietlmeier, Tobias"]
[Result "0-1"]
[BlackElo "1133"]
[WhiteElo "819"]

1.e4 c5 2.Bc4 d6 3.Qf3 Nf6 4.Nc3 g6 5.Bb5+ Bd7 6.e5 dxe5 7.Qxb7 Bxb5 8.Nxb5 Qd7 9.Nc7+
Kd8 10.Qxa8 Qxc7 11.Nf3 Nfd7 12.Qd5 Ke8 13.Ng5 e6 14.Qf3 Nb6 15.d3 Bh6 16.Qf6 Rf8
17.Nxh7 N8d7 18.Qh4 Rh8 19.Qxh6 Ke7 20.Qg7 Rc8 21.Bg5+ Kd6 22.Qxf7 Nd5 23.O-O Nf8
24.Be7+ Qxe7 25.Ng5 Qxg5 26.Rfe1 Nf4 27.g3 Nd7 28.Re4 Rf8 29.Qg7 Nh5 30.h4 Qf5 31.Rae1
Qxf2+ 32.Kh1 Nxg3#   0-1

[Event "Oberbayerische Jugend-EM 2014/15  U12"]
[Site "Riedenburg"]
[Date "2015.02.19"]
[Round "2"]
[White "Stegert, Laurin"]
[Black "Longo, Massimo"]
[Result "0-1"]
[BlackElo "1617"]
[WhiteElo "1128"]

1.d4 Nf6 2.Nf3 e6 3.e3 Be7 4.Be2 O-O 5.O-O c5 6.c4 Qc7 7.Nc3 d6 8.b3 b6 9.Bb2 Bb7
10.Qc2 Nbd7 11.Rfd1 Bc6 12.Rac1 Qb7 13.Qd2 Ne4 14.Nxe4 Bxe4 15.Re1 g5 16.Red1 g4
17.Ne1 Nf6 18.dxc5 dxc5 19.Qc3 Qc7 20.Bxg4 e5 21.Bh3 Bd6 22.f3 Bg6 23.f4 Ne4 24.Qd3
exf4 25.Qe2 fxe3 26.Nf3 Nf2 27.Rf1 Rfe8 28.Rc3 Bf4 29.a3 Bh5 30.Rxf2 exf2+ 31.Qxf2
Qe7 32.Bc1 Bxc1 33.Rxc1 Bxf3 34.Qxf3 Qe3+   0-1

[Event "Oberbayerische Jugend-EM 2014/15  U12"]
[Site "Riedenburg"]
[Date "2015.02.19"]
[Round "2"]
[White "Mehnert, Sebastian"]
[Black "Seidenberger, Florian"]
[Result "1-0"]
[BlackElo "1157"]
[WhiteElo "1081"]

1.d4 d5 2.c4 c6 3.Nc3 Nf6 4.Bg5 e6 5.e3 Be7 6.Nf3 h6 7.Bh4 Nbd7 8.c5 b6 9.b4 Bb7 10.Bd3
Qc7 11.Bg3 Qc8 12.O-O a5 13.a3 O-O 14.Bh4 Re8 15.Qc2 Ra7 16.Ne5 Qa8 17.Bxf6 Nxf6
18.cxb6 axb4 19.bxa7 bxc3 20.Qxc3 Qxa7 21.Nxc6 Qb6 22.Nxe7+ Rxe7 23.Rfb1 Qd8 24.Qb4
Qc7 25.Qc5 Qd8 26.Rb3 Rc7 27.Qb6 Qc8 28.g3 Nd7 29.Qa5 Rc1+ 30.Rxc1 Qxc1+ 31.Kg2 Qc6
32.Rc3 Qd6 33.Qc7 Qe7 34.Qxb7 f5 35.Rc7 Qg5 36.Rxd7 Kh8 37.Rxg7 Qf6 38.Qf7 Qxg7 39.Qxg7+
Kxg7 40.a4 Kf7 41.a5 Ke7 42.a6 Kd7 43.a7 Kc7 44.a8=Q Kb6 45.Qa6+ Kc7 46.Bb5 h5 47.Qc6+
Kb8 48.Ba6 Ka7 49.Qb7#   1-0

[Event "Oberbayerische Jugend-EM 2014/15  U12"]
[Site "Riedenburg"]
[Date "2015.02.19"]
[Round "2"]
[White "Dietlmeier, Tobias"]
[Black "Beckert, Alessandro"]
[Result "1-0"]
[BlackElo "949"]
[WhiteElo "1133"]

1.d4 d5 2.e3 e6 3.Bd3 Nc6 4.c3 Bd6 5.Nf3 Nge7 6.Nbd2 O-O 7.O-O f6 8.Re1 e5 9.c4 Be6
10.Qc2 f5 11.cxd5 Nxd5 12.dxe5 Be7 13.Nd4 Nxd4 14.exd4 Nb4 15.Qb1 Qxd4 16.Bf1 Bc5
17.Re3 Qd7 18.Rf3 Qf7 19.b3 Bd4 20.Bb2 Nc6 21.Rd3 Rad8 22.Bxd4 Rxd4 23.Qb2 Rxd3 24.Bxd3
Rd8 25.Bf1 Nxe5 26.Qxe5 Rxd2 27.Qa5 Rd6 28.Qxa7 b6 29.Rc1 Rd7 30.Qa8+ Qf8 31.Qc6
Qf7 32.Bb5 Re7 33.Rd1 h6 34.Qa8+ Kh7 35.Qf3 Bd7 36.Bc4 Qg6 37.Qd5 Re8 38.Qxd7 c5
39.Bf7 Qg4 40.Bxe8 h5 41.Rd5 Qb4 42.Qxf5+ Kg8 43.Bf7+ Kf8 44.Bg8+ Kxg8 45.Rd8#  
1-0

[Event "Oberbayerische Jugend-EM 2014/15  U12"]
[Site "Riedenburg"]
[Date "2015.02.19"]
[Round "2"]
[White "Mooser, Nicolas"]
[Black "Huber, Marinus"]
[Result "1/2-1/2"]
[BlackElo "1344"]
[WhiteElo "1518"]

1.d4 Nf6 2.Nf3 d5 3.g3 e6 4.Bg2 c6 5.c4 Be7 6.O-O O-O 7.Nbd2 Nbd7 8.b3 c5 9.cxd5 Nxd5
10.Bb2 cxd4 11.Bxd4 Bf6 12.Nc4 Bxd4 13.Qxd4 N7f6 14.Rfd1 Qe7 15.Rac1 Bd7 16.e4 Nb6
17.Nxb6 axb6 18.Rc7 Qd8 19.Rxd7 Nxd7 20.Qxd7 Qxd7 21.Rxd7 Rxa2 22.Rxb7 h6 23.Rxb6
Rd8 24.Bf1 Rd1 25.Kg2 Rb1 26.Ra6 Rxa6 27.Bxa6 Rxb3 28.h3 g6   1/2-1/2

[Event "Oberbayerische Jugend-EM 2014/15  U12"]
[Site "Riedenburg"]
[Date "2015.02.19"]
[Round "2"]
[White "Schwarzer, Tassilo"]
[Black "Gan, Maxwell"]
[Result "0-1"]
[BlackElo "1257"]
[WhiteElo "1060"]

1.d4 d5 2.c4 dxc4 3.Nc3 Nf6 4.Bf4 Nd5 5.Nxd5 Qxd5 6.e3 e6 7.Nf3 Bb4+ 8.Nd2 O-O 9.Bxc7
b5 10.Bf4 Nd7 11.b3 e5 12.Bxe5 Nxe5 13.dxe5 c3 14.Qc2 cxd2+ 15.Kd1 Qxe5 16.Bd3 Qxa1+
  0-1

[Event "Oberbayerische Jugend-EM 2014/15  U12"]
[Site "Riedenburg"]
[Date "2015.02.19"]
[Round "2"]
[White "Schmidt, Robert"]
[Black "Kugler, Janek"]
[Result "1-0"]
[BlackElo "819"]
[WhiteElo "1127"]

1.e4 e5 2.Nf3 Nc6 3.Bb5 d5 4.Nc3 d4 5.Bxc6+ bxc6 6.Ne2 Bg4 7.Nxe5 Bd7 8.d3 Bb4+ 9.Bd2
Qe7 10.Nf3 Nf6 11.O-O O-O 12.a3 Bd6 13.Nexd4 Be5 14.Bc3 Qd6 15.Nxe5 Qxe5 16.f3 c5
17.Nb3 Qf4 18.Bxf6 Qxf6 19.Nxc5 Bb5 20.a4 Bc6 21.b3 Qg5 22.b4 Qe3+ 23.Kh1 Qd4 24.Rb1
Rfe8 25.Qd2 Re5 26.Qf2 Qd6 27.d4 Rh5 28.g3 Rd8 29.c3 f5 30.e5 Qd5 31.e6 g5 32.Kg1
g4 33.fxg4 $4 fxg4 $4 (33...Qh1#) 34.e7 Re8 35.Qf8+ Rxf8 36.exf8=Q#   1-0

[Event "Oberbayerische Jugend-EM 2014/15  U12"]
[Site "Riedenburg"]
[Date "2015.02.19"]
[Round "3"]
[White "Longo, Massimo"]
[Black "Dietlmeier, Tobias"]
[Result "0-1"]
[BlackElo "1133"]
[WhiteElo "1617"]

1.d4 d5 2.c4 e6 3.Nc3 Nf6 4.Bg5 c6 5.e3 Be7 6.Bd3 Qa5 7.Qc2 dxc4 8.Be2 Qxg5 9.Nf3
Qa5 10.Bxc4 b5 11.Bb3 Nbd7 12.O-O Ba6 13.Rfe1 O-O 14.Ne5 Nxe5 15.dxe5 Nd7 16.f4 c5
17.a3 c4 18.Ba2 Bb7 19.Bb1 g6 20.Qe2 Qb6 21.Ne4 Nc5 22.Nf6+ Bxf6 23.exf6 Qc6 24.e4
Qb6 25.Kh1 Rad8 26.Qg4 Kh8 27.f5 exf5 28.exf5 Qxf6 29.fxg6 fxg6 30.Bc2 Rd2   0-1

[Event "Oberbayerische Jugend-EM 2014/15  U12"]
[Site "Riedenburg"]
[Date "2015.02.19"]
[Round "3"]
[White "Huber, Marinus"]
[Black "Mehnert, Sebastian"]
[Result "1-0"]
[BlackElo "1081"]
[WhiteElo "1344"]

1.e4 e5 2.Nf3 Nc6 3.Nc3 Nf6 4.Bb5 d6 5.O-O g6 6.d4 Bg4 7.d5 a6 8.dxc6 axb5 9.cxb7
Rb8 10.Nxb5 Rxb7 11.Nc3 Bg7 12.h3 Bxf3 13.Qxf3 O-O 14.a4 Qd7 15.Rb1 Rd8 16.b4 d5
17.exd5 Nxd5 18.Nxd5 Qxd5 19.Qxd5 Rxd5 20.Be3 f5 21.f3 f4 22.Bf2 Bf8 23.c4 Rd8 24.b5
Ra8 25.Ra1 Bg7 26.Ra2 Bf8 27.a5 c5 28.Rb1 Bd6 29.b6 Ra6 30.Rd1 Be7 31.Rd5 h6 32.Rxe5
Bd6 33.Rd5 Be7 34.Bxc5 Bf6 35.Bd4 Be7 36.Be5 Bb4 37.Bxf4 Bxa5 38.Rdxa5 Raxb6 39.Ra8+
Kf7 40.R8a7 Rb1+ 41.Kh2 h5 42.Bd6 Ke6 43.c5 R7b3 44.Re7+ Kd5 45.Re5+ Kc6 46.Ra6+
Kb7 47.Ra2 Rc3 48.Rg5 Kc6 49.Rxg6 Kb5 50.Rh6 Rcc1 51.Rxh5 Rh1+ 52.Kg3 Kc6 53.Rc2
Rb5 54.Rh7 Rb7 55.Rxb7 Kxb7 56.c6+ Kc8 57.Be7 Re1 58.Bh4 Re6 59.c7 Rg6+ 60.Kf2 Rb6
61.Bd8 Rb7 62.Ra2   1-0

[Event "Oberbayerische Jugend-EM 2014/15  U12"]
[Site "Riedenburg"]
[Date "2015.02.19"]
[Round "3"]
[White "Gan, Maxwell"]
[Black "Stegert, Laurin"]
[Result "0-1"]
[BlackElo "1128"]
[WhiteElo "1257"]

1.e4 e6 2.Nf3 d5 3.exd5 exd5 4.d4 Nf6 5.c4 b6 6.Nc3 Bb7 7.Bg5 Be7 8.Nxd5 Nxd5 9.cxd5
Bxg5 10.Qa4+ Nd7 11.Bb5 Bf6 12.O-O a6 13.Rfe1+ Be7 14.Bc6 Bxc6 15.dxc6 Nf6 16.Qa3
Nd5 17.Qb3 O-O 18.Re5 Nf6 19.Rae1 Bd6 20.R5e2 h6 21.Nh4 Re8 22.Rxe8+ Nxe8 23.Qf3
Qxh4 24.h3 Qxd4 25.b3 Nf6 26.Rd1 Qf4 27.Qxf4 Bxf4 28.a4 Bd6 29.g3 Rd8 30.Kg2 Be7
31.Rxd8+ Bxd8 32.f4 Kf8 33.Kf3 Ke7 34.g4 Kd6 35.h4 Kxc6 36.g5 Nh7 37.gxh6 gxh6 38.Kg4
Nf6+ 39.Kf5 Nd5 40.h5 Nf6 41.Ke5 Nxh5 42.f5 Ng3 43.Kf4 Nxf5 44.Kxf5 h5 45.Kf4 h4
46.Kg4 f5+ 47.Kh3 Kc5 48.Kg2 Kb4 49.Kf3 Kxb3 50.Kg2 a5 51.Kf3 c5 52.Ke3 c4 53.Kf2
c3 54.Ke2 h3 55.Kf2 c2 56.Ke2 c1=Q 57.Kf3 h2 58.Ke2 h1=Q 59.Kd3 Qf3+ 60.Kd4 Qce3#
  0-1

[Event "Oberbayerische Jugend-EM 2014/15  U12"]
[Site "Riedenburg"]
[Date "2015.02.19"]
[Round "3"]
[White "Seidenberger, Florian"]
[Black "Schmidt, Robert"]
[Result "0-1"]
[BlackElo "1127"]
[WhiteElo "1157"]

1.d4 d5 2.c4 dxc4 3.Nf3 Nf6 4.Bg5 e6 5.e3 Be7 6.Bxc4 O-O 7.Nbd2 h6 8.Bh4 a6 9.O-O
Nc6 10.Rc1 Bd7 11.Bd3 Nb4 12.Bb1 Bb5 13.Re1 Bd3 14.Qb3 Bxb1 15.Rxb1 Kh8 16.a3 Nc6
17.Qxb7 Na5 18.Qxa8 Qxa8 19.Ne5 Qd8 20.b4 Nb7 21.Nc6 Qd7 22.Nxe7 Qxe7 23.Ne4 Nd6
24.Nxf6 gxf6 25.Rbc1 Ne8 26.Rc5 Kg7 27.e4 Nd6 28.e5 Ne8 29.Re3 Qd7 30.Rg3+ Kh7 31.exf6
Qxd4 32.h3 Qxh4 33.Rg4 Qxf6 34.Rh5 Qa1+ 35.Kh2 Nf6 36.Rgh4 Nxh5 37.Rxh5 Qxa3 38.g4
Rg8 39.f4 f6 40.h4 Qxb4 41.g5 Qxf4+ 42.Kh1 fxg5 43.hxg5 Qf3+ 44.Kh2 Qxh5+ 45.Kg2
Rxg5+ 46.Kf2 Qh3 47.Ke1 Rg2 48.Kf1 Qh1#   0-1

[Event "Oberbayerische Jugend-EM 2014/15  U12"]
[Site "Riedenburg"]
[Date "2015.02.19"]
[Round "3"]
[White "Beckert, Alessandro"]
[Black "Schwarzer, Tassilo"]
[Result "0-1"]
[BlackElo "1060"]
[WhiteElo "949"]

1.e4 c5 2.Nf3 d6 3.d4 cxd4 4.Nxd4 Nf6 5.Nc3 g6 6.Be3 Bg7 7.Qd2 O-O 8.f3 Nc6 9.O-O-O
Bd7 10.Nb3 a6 11.Kb1 Rc8 12.g4 b5 13.Qf2 b4 14.Nd5 a5 15.Nb6 Rb8 16.h3 Be6 17.Nc4
a4 18.Nc1 a3 19.b3 Ra8 20.Rg1 Na5 21.Bb6 Qc8 22.Nxa5 Qc3 23.Bd4 Qc8 24.Nc4 Qd7 25.Nb6
Qc6 26.Nxa8 Rxa8 27.Bd3 Rc8 28.Qg2 Nxe4 29.Bxe4 d5 30.Bxd5 Bxd5 31.Rd2 Bxd4 32.Rxd4
Qc3 33.Nd3 Qxd4 34.Rd1 Qf6 35.Rf1 e6 36.Qe2 Qc3 37.Rf2 Bb7 38.Qd2 Qxd2 39.Rxd2 Bxf3
40.Rf2 Be4 41.Rd2 Bxd3 42.Rxd3 e5 43.Re3 Re8 44.c4 bxc3 45.Rxc3 e4 46.Re3 f5 47.gxf5
gxf5 48.Kc1 f4 49.Re1 f3 50.Kd1 f2 51.Rf1 e3 52.Ke2 Kf7 53.h4 Kf6 54.b4 Kf5 55.b5
Kf4 56.b6 Rd8 57.Rd1 Rxd1 58.Kxd1 f1=Q+ 59.Kc2 Qb5 60.Kc3 Qxb6 61.Kc4 e2 62.Kd3 e1=Q
63.Kc4 Qd6 64.h5 Qc1+ 65.Kb5 Qb8+ 66.Ka6 Qc5 67.h6 Qcb6#   0-1

[Event "Oberbayerische Jugend-EM 2014/15  U12"]
[Site "Riedenburg"]
[Date "2015.02.19"]
[Round "3"]
[White "Kugler, Janek"]
[Black "Weber, Lukas"]
[Result "0-1"]
[BlackElo "907"]
[WhiteElo "819"]

1.d4 d5 2.Nc3 Nf6 3.Bg5 h6 4.Bxf6 exf6 5.Nf3 Bb4 6.Qd2 O-O 7.g3 Nc6 8.Bg2 Bf5 9.Nh4
Be6 10.O-O a6 11.Qd3 b5 12.a3 Bxc3 13.Qxc3 Qd7 14.Qd3 b4 15.e4 dxe4 16.Bxe4 Qxd4
17.Bh7+ Kh8 18.Ng6+ fxg6 19.Qxg6 Bh3 20.Rad1 Qg4 21.f3 Qxg6 22.Bxg6 Bxf1 23.Rxf1
Ne5 24.Be4 Rab8 25.f4 Nc4 26.axb4 Nd2 27.Re1 Nxe4 28.Rxe4 f5 29.Rc4 Rf7 30.Rc5 g5
31.h3 Rb5 32.Rc6 Kg7 33.c3 a5 34.bxa5 Rxa5 35.b4 Rd5 36.c4 Rd2 37.Re6 Rc2 38.c5 Rd7
39.b5 Rd1+ 40.Re1 Rxe1#   0-1

[Event "Oberbayerische Jugend-EM 2014/15  U12"]
[Site "Riedenburg"]
[Date "2015.02.20"]
[Round "4"]
[White "Dietlmeier, Tobias"]
[Black "Stegert, Laurin"]
[Result "1-0"]
[BlackElo "1128"]
[WhiteElo "1133"]

1.d4 Nf6 2.e3 e6 3.Bd3 d5 4.c3 c5 5.Nf3 Bd6 6.Nbd2 O-O 7.O-O Nc6 8.Re1 Re8 9.e4 dxe4
10.Nxe4 Nxe4 11.Rxe4 b6 12.Rg4 e5 13.Re4 f5 14.Re1 e4 15.Bc4+ Kh8 16.Ng5 Bxh2+ 17.Kxh2
Qc7+ 18.Kg1 Rf8 19.Qh5 g6 20.Qh6 Rb8 21.Qxf8#   1-0

[Event "Oberbayerische Jugend-EM 2014/15  U12"]
[Site "Riedenburg"]
[Date "2015.02.20"]
[Round "4"]
[White "Mehnert, Sebastian"]
[Black "Longo, Massimo"]
[Result "0-1"]
[BlackElo "1617"]
[WhiteElo "1081"]

1.e4 e5 2.Nf3 d6 3.Bc4 Be7 4.d4 Nd7 5.O-O Ngf6 6.Nc3 O-O 7.dxe5 Nxe5 8.Nxe5 dxe5 9.Qxd8
Rxd8 10.Bg5 h6 11.Bh4 Bd7 12.Rad1 Bc6 13.Rxd8+ Rxd8 14.Bd3 Kf8 15.g3 g5 16.Bxg5 hxg5
17.Kg2 Bb4 18.f3 Bxc3 19.bxc3 Nd7 20.Rf2 Nc5 21.Bf1 Kg7 22.h4 gxh4 23.gxh4 Ne6 24.Kg3
Kf6 25.Rh2 Rg8+ 26.Kh3 Nf4#   0-1

[Event "Oberbayerische Jugend-EM 2014/15  U12"]
[Site "Riedenburg"]
[Date "2015.02.20"]
[Round "4"]
[White "Schmidt, Robert"]
[Black "Huber, Marinus"]
[Result "0-1"]
[BlackElo "1344"]
[WhiteElo "1127"]

1.e4 c5 2.Nc3 d6 3.Bb5+ Nc6 4.Bxc6+ bxc6 5.Nf3 Nf6 6.O-O g6 7.d3 Bg7 8.Bg5 O-O 9.h3
Ba6 10.e5 dxe5 11.Nxe5 Qd6 12.Nf3 Rab8 13.Rb1 c4 14.Ne4 Nxe4 15.dxe4 Qxd1 16.Rfxd1
Rb7 17.b3 cxb3 18.cxb3 c5 19.Nd2 Rd8 20.a3 h6 21.Be3 Rbd7 22.Rbc1 Be2 23.Re1 Rxd2
24.Bxd2 Rxd2 25.Rxc5 Bd1 26.b4 Bd4 27.Rc8+ Kg7 28.Kh1 Bxf2 29.Rf1 Bg3 30.Rc1 Be2
31.Rfe1 Bxe1 32.Rxe1 Rd1 33.Rxd1 Bxd1 34.Kg1 Kf6 35.Kf2 Ke5 36.Ke3 Bc2 37.g4 Bxe4
38.a4 Bg2 39.Kd3 Kd5 40.Kc3 a6 41.Kb3 Bxh3 42.a5 Bxg4 43.Ka4 Bd1+ 44.Ka3 Kc4 45.b5
axb5 46.a6 b4+ 47.Kb2 Bf3 48.a7 h5 49.a8=Q Bxa8 50.Kb1 h4 51.Kb2 f5 52.Ka1 e5 53.Ka2
g5 54.Kb2 f4 55.Kb1 f3 56.Ka2 f2 57.Kb2 f1=Q 58.Ka2 Be4 59.Kb2 Qb1#   0-1

[Event "Oberbayerische Jugend-EM 2014/15  U12"]
[Site "Riedenburg"]
[Date "2015.02.20"]
[Round "4"]
[White "Schwarzer, Tassilo"]
[Black "Weber, Lukas"]
[Result "1-0"]
[BlackElo "907"]
[WhiteElo "1060"]

1.d4 d5 2.c4 e5 3.e3 Nc6 4.Nf3 Bb4+ 5.Bd2 Bxd2+ 6.Qxd2 Qe7 7.cxd5 Nd8 8.Nxe5 Nf6 9.Nc3
Qd6 10.Bb5+ c6 11.dxc6 bxc6 12.Bc4 Ne6 13.Nxc6 O-O 14.Ne5 Bb7 15.O-O a6 16.Be2 a5
17.Bf3 Bxf3 18.Nxf3 Ng4 19.h3 Nf6 20.Rac1 Rac8 21.Nb5 Qb4 22.Qxb4 axb4 23.Rxc8 Rxc8
24.a3 bxa3 25.Nxa3 h6 26.g3 h5 27.Kg2 Rb8 28.Rb1 g5 29.Nc4 g4 30.hxg4 hxg4 31.Nfe5
Kg7 32.f3 gxf3+ 33.Kxf3 Ng5+ 34.Kf4 Nh3+ 35.Kf5 Nh5 36.Nd7 Rc8 37.Ncb6 Rc6 38.Kg4
Nxg3 39.Kxg3 Rh6 40.e4 Ng5 41.Kf4 Nh3+ 42.Ke5 Re6+ 43.Kd5 Nf4+ 44.Kc5 Nd3+ 45.Kc4
Nf4 46.Ne5 Rxb6 47.b4 f6 48.Kc5 Rb7 49.Nc6 Nd3+ 50.Kd6 Rb6 51.e5 Rxc6+ 52.Kxc6 fxe5
53.dxe5 Nxe5+ 54.Kd5 Nd3 55.b5 Nb4+ 56.Rxb4 Kf6 57.Re4 Kg7 58.Rf4 Kg6 59.Ke5 Kg7
60.Ke6 Kh8 61.Kf7 Kh7 62.Rh4#   1-0

[Event "Oberbayerische Jugend-EM 2014/15  U12"]
[Site "Riedenburg"]
[Date "2015.02.20"]
[Round "4"]
[White "Mooser, Nicolas"]
[Black "Beckert, Alessandro"]
[Result "1/2-1/2"]
[BlackElo "949"]
[WhiteElo "1518"]

1.d4 d5 2.Nf3 e6 3.g3 Nf6 4.Bg2 Bd6 5.O-O O-O 6.c4 c6 7.Nbd2 Nbd7 8.Qc2 b6 9.e4 e5
10.cxd5 cxd5 11.exd5 Bb7 12.Re1 Re8 13.Nxe5 Nxe5 14.dxe5 Rxe5 15.Nf3 Rxe1+ 16.Nxe1
Bxd5 17.Bg5 Bxg2 18.Nxg2 Be7 19.Re1 Qd7 20.Bxf6 Bxf6 21.Qe4 Rd8 22.b3 g6 23.Nf4 Bg7
24.Qe7 Bf8 25.Qxd7 Rxd7 26.Rc1 Bc5 27.Re1 Rd2 28.Re2 Rxe2 29.Nxe2 Kg7 30.Kf1 Kf6
31.Nc3 Ke5 32.Ke2 a5 33.f3 g5 34.Kd3 f5 35.Kc4 Kd6 36.Kb5 Kc7 37.Nd5+ Kb7 38.b4 axb4
39.Nxb4 Bxb4 40.Kxb4 Kc6 41.Kc4 b5+ 42.Kd4 Kd6 43.g4 fxg4 44.fxg4 Kc6 45.Ke5 Kc5
46.Kf5 Kb4 47.Kxg5 Ka3 48.Kh6 Kxa2 49.Kxh7 b4 50.g5 b3 51.g6 b2 52.g7 b1=Q+ 53.Kh8
Qb2 54.h4 Qe5 55.Kg8   1/2-1/2

[Event "Oberbayerische Jugend-EM 2014/15  U12"]
[Site "Riedenburg"]
[Date "2015.02.20"]
[Round "4"]
[White "Gan, Maxwell"]
[Black "Seidenberger, Florian"]
[Result "1-0"]
[BlackElo "1157"]
[WhiteElo "1257"]

1.e4 e6 2.d4 d5 3.exd5 exd5 4.Bf4 Nc6 5.Nc3 Nf6 6.Be2 Bf5 7.Nb5 Bd6 8.Nxd6+ cxd6 9.c3
Ne4 10.Nf3 Qb6 11.Qb3 Qc7 12.Qxd5 Bg6 13.Nh4 Ne7 14.Qc4 Qxc4 15.Bxc4 O-O 16.Nxg6
Nxg6 17.Be3 Rfe8 18.O-O Rac8 19.Bd3 a6 20.Rfe1 f5 21.f3 Nf6 22.Bxf5 Rc7 23.Bxg6 hxg6
24.Bf4 Rd7 25.Rxe8+ Nxe8 26.Re1 Kf7 27.d5 Nc7 28.c4 Kf6 29.g4 g5 30.Bg3 b6 31.h4
a5 32.b3 gxh4 33.Bxh4+ g5 34.Bf2 Na8 35.Re6+ Kf7 36.Bg3 Nc7 37.Rxd6 Rxd6 38.Bxd6
Ne8 39.Be5 Ke7 40.Kf2 Nd6 41.Bxd6+ Kxd6 42.Ke3 Ke5 43.a3 Kf6 44.f4 a4 45.b4 b5 46.cxb5
gxf4+ 47.Kxf4 Kg6 48.b6 Kf7 49.b7 Kg6 50.b8=Q Kh7 51.Qd6 Kg7 52.Qe6 Kh7 53.Qf6 Kg8
54.Qe7 Kh8 55.Kg5 Kg8 56.Kg6 Kh8 57.Qh7#   1-0

[Event "Oberbayerische Jugend-EM 2014/15  U12"]
[Site "Riedenburg"]
[Date "2015.02.20"]
[Round "5"]
[White "Huber, Marinus"]
[Black "Dietlmeier, Tobias"]
[Result "1-0"]
[BlackElo "1133"]
[WhiteElo "1344"]

1.e4 c5 2.Nf3 d6 3.d4 cxd4 4.Nxd4 Nf6 5.Nc3 g6 6.f3 Bg7 7.Be3 Nc6 8.Qd2 O-O 9.O-O-O
Nd7 10.g4 Nde5 11.Nxc6 bxc6 12.Be2 Be6 13.h4 Nc4 14.Bxc4 Bxc4 15.Bh6 Rb8 16.Bxg7
Qb6 17.b3 Kxg7 18.Na4 Qb4 19.Qd4+ Kg8 20.Qxc4 Qa3+ 21.Kd2 Qb4+ 22.Qxb4 Rxb4 23.c3
Rb7 24.Kc2 f5 25.exf5 gxf5 26.g5 Kg7 27.f4 h6 28.Rhe1 hxg5 29.hxg5 Rh8 30.Rh1 Rxh1
31.Rxh1 e5 32.Rh6 exf4 33.Rxd6 f3 34.Kd3 Re7 35.Rd4 Re4 36.Rxe4 fxe4+ 37.Ke3 Kg6
38.Nc5 Kxg5 39.Nxe4+ Kg4 40.Nd2 f2 41.Kxf2 Kf4 42.Ke2 Ke5 43.Kd3 Kd5 44.Nc4 Kc5 45.b4+
Kd5 46.Ne3+ Kd6 47.Kd4 Kd7 48.Kc5 Kc7 49.Nf5 Kd7 50.Nd4 Kc7 51.Nxc6 Kb7 52.Nxa7 Kxa7
53.a4 Kb7 54.b5 Kc7 55.a5 Kb7 56.b6 Ka6 57.b7 Kxb7 58.Kb5 Ka7 59.c4 Kb7 60.c5 Kc7
61.a6 Kc8 62.Kb6 Kb8 63.a7+ Ka8 64.Kc7 Kxa7 65.Kd7 Kb8 66.c6 Ka8 67.c7 Ka7 68.c8=Q
Kb6 69.Kd6 Ka7 70.Qc4 Kb6 71.Qb4+ Ka7 72.Kc7 Ka6 73.Qa4#   1-0

[Event "Oberbayerische Jugend-EM 2014/15  U12"]
[Site "Riedenburg"]
[Date "2015.02.20"]
[Round "5"]
[White "Longo, Massimo"]
[Black "Schwarzer, Tassilo"]
[Result "1-0"]
[BlackElo "1060"]
[WhiteElo "1617"]

1.d4 d5 2.c4 c6 3.Nc3 Nf6 4.Bg5 e6 5.Nf3 Be7 6.e3 Nbd7 7.Bd3 h6 8.Bf4 O-O 9.g4 Nxg4
10.Rg1 Ngf6 11.Bxh6 Ne8 12.Qc2 Ndf6 13.O-O-O Kh8 14.Bf4 Bd7 15.Rg3 Nh5 16.Rh3 g6
17.Bxg6 fxg6 18.Qxg6 Nef6 19.Rxh5+ Nxh5 20.Qxh5+ Kg8 21.Rg1+ Bg5 22.Rxg5+ Qxg5 23.Qxg5+
Kf7 24.Bd6 Rfe8 25.Ne5#   1-0

[Event "Oberbayerische Jugend-EM 2014/15  U12"]
[Site "Riedenburg"]
[Date "2015.02.20"]
[Round "5"]
[White "Mooser, Nicolas"]
[Black "Gan, Maxwell"]
[Result "1-0"]
[BlackElo "1257"]
[WhiteElo "1518"]

1.d4 d5 2.Nf3 Nc6 3.g3 Nf6 4.Bg2 Bf5 5.O-O e6 6.c4 dxc4 7.Qa4 Be7 8.Ne5 O-O 9.Nxc6
bxc6 10.Qxc4 Rb8 11.a3 Rb6 12.Nc3 e5 13.dxe5 Be6 14.Qf4 Nd5 15.Nxd5 cxd5 16.b4 f6
17.exf6 Rxf6 18.Qe3 d4 19.Qd3 Qd7 20.Bb2 Rd6 21.Rac1 Bh3 22.Rc4 Rh6 23.Bc1 Bxg2 24.Bxh6
Bxf1 25.Bf4 Qh3 26.Qf3 Rf6 27.Rxc7 Bd6 28.Qd5+ Re6 29.Bxd6 h6 30.Re7 Bxe2 31.Qxe6+
Qxe6 32.Rxe6 d3 33.Bf4 g5 34.Bd2 Kg7 35.Re7+ Kf6 36.Rxa7 Ke5 37.Rd7 Ke4 38.b5   1-0

[Event "Oberbayerische Jugend-EM 2014/15  U12"]
[Site "Riedenburg"]
[Date "2015.02.20"]
[Round "5"]
[White "Stegert, Laurin"]
[Black "Mehnert, Sebastian"]
[Result "0-1"]
[BlackElo "1081"]
[WhiteElo "1128"]

1.Nf3 d5 2.d4 Bf5 3.e3 a6 4.c4 e6 5.Nbd2 Nc6 6.a3 Nf6 7.Be2 Bd6 8.O-O O-O 9.Nh4 Be4
10.Nxe4 Nxe4 11.Nf3 Qf6 12.Bd3 Qh6 13.h3 f5 14.cxd5 exd5 15.Qb3 Ne7 16.Bxe4 fxe4
17.Nd2 b5 18.Nxe4 Qg6 19.Nxd6 cxd6 20.Bd2 Qe4 21.f3 Qe6 22.Rfe1 Qf7 23.Bb4 Rad8 24.Rac1
Kh8 25.Rf1 Qg6 26.a4 Nf5 27.Be1 Rfe8 28.Bf2 Rb8 29.a5 Qe6 30.Rfe1 Re7 31.Rc6 Ra7
32.e4 Ne7 33.exd5 Qd7 34.Rcc1 Ng6 35.Qe3 Ne7 36.Qe6 Qxe6 37.dxe6 Nd5 38.Bg3 Rd8 39.Bxd6
Rxd6 40.Rc8+   0-1